LIBRARY ONLINE CATALOGUE

The Definitive guide to business finance : (Record no. 8563)

MARC details
000 -LEADER
fixed length control field 00715nam a22002172 4500
001 - CONTROL NUMBER
control field 0000018418
005 - DATE AND TIME OF LATEST TRANSACTION
control field 20151217152128.0
008 - FIXED-LENGTH DATA ELEMENTS--GENERAL INFORMATION
fixed length control field 091028s xx 000 0 eng d
020 ## - INTERNATIONAL STANDARD BOOK NUMBER
International Standard Book Number 0273710958 :
040 ## - CATALOGING SOURCE
Original cataloging agency KABU
Transcribing agency KABU
100 1# - MAIN ENTRY--PERSONAL NAME
Personal name Stutely, Richard.
-- 0000177662
245 14 - TITLE STATEMENT
Title The Definitive guide to business finance :
Remainder of title what smart managers do with the numbers /
Statement of responsibility, etc. Richard Stutely.
250 ## - EDITION STATEMENT
Edition statement 2nd ed.
260 ## - PUBLICATION, DISTRIBUTION, ETC. (IMPRINT)
Place of publication, distribution, etc. Harlow, England :
Name of publisher, distributor, etc. Prentice Hall,
Date of publication, distribution, etc. 2007.
300 ## - PHYSICAL DESCRIPTION
Extent xviii, 412 p.
650 #0 - SUBJECT ADDED ENTRY--TOPICAL TERM
Topical term or geographic name as entry element Business enterprise
General subdivision Finance.
-- 0000150627
650 #0 - SUBJECT ADDED ENTRY--TOPICAL TERM
Topical term or geographic name as entry element Managerial accounting.
-- 0000151472
852 1# - LOCATION
-- p1980 KES
908 ## - PUT COMMAND PARAMETER (RLIN)
Put command parameter 091028
950 ## - LOCAL HOLDINGS (RLIN)
-- 1
Holdings
Withdrawn status Lost status Source of classification or shelving scheme Not for loan Home library Current library Date acquired Total Checkouts Full call number Barcode Date last seen Price effective from Koha item type
    Library of Congress Classification   Kabarak, Main Campus Kabarak, Main Campus 17/12/2015   HG4026 .S78 2007 c. 1 18239 01/03/2019 17/12/2015 General Collection